[Event "IND-ch U15 Girls 30th"]
[Site "Kolkata"]
[Date "2013.08.14"]
[Round "11"]
[White "Sanskriti, Goyal"]
[Black "Meera, D."]
[Result "0-1"]
[WhiteElo "1296"]
[BlackElo "1725"]
[PlyCount "58"]
[EventDate "2013.08.06"]
[EventType "swiss"]
[EventRounds "11"]
[EventCountry "IND"]
[SourceTitle "CBM 155 Extra"]
[Source "ChessBase"]
[SourceDate "2013.08.26"]
[SourceVersion "1"]
[SourceVersionDate "2013.08.26"]
[SourceQuality "1"]

1. d4 d5 2. c4 e6 3. Nc3 c5 4. cxd5 exd5 5. dxc5 d4 6. Nb5 Qa5+ 7. Qd2 Qxb5 8. Qxd4 Nc6 9. Qe4+ Be6 10. e3 Qb4+ 11. Qxb4 Nxb4 12. Bb5+ Kd8 13. Ba4 Bc4 14. Nh3 Bxc5 15. a3 Nd3+ 16. Kd2 Nf6 17. b3 Ba6 18. b4 Ne4+ 19. Kc2 Nexf2 20. Nxf2 Nxf2 21. Re1 Bd3+ 22. Kd2 Bd6 23. Bb2 Ke7 24. h3 a5 25. Bc3 Bf5 26. Ke2 Ne4 27. Bxg7 Rhg8 28. Bd4 Rxg2+ 29. Kf3 Rf2# 0-1

[Event "IND-ch U15 Girls 30th"]
[Site "Kolkata"]
[Date "2013.08.12"]
[Round "9"]
[White "Meera, D."]
[Black "Vaishali, Ramesh Babu"]
[Result "0-1"]
[WhiteElo "1725"]
[BlackElo "2020"]
[PlyCount "69"]
[EventDate "2013.08.06"]
[EventType "swiss"]
[EventRounds "11"]
[EventCountry "IND"]
[SourceTitle "CBM 155 Extra"]
[Source "ChessBase"]
[SourceDate "2013.08.26"]
[SourceVersion "1"]
[SourceVersionDate "2013.08.26"]
[SourceQuality "1"]

1. e4 e5 2. Nf3 Nc6 3. Bc4 Be7 4. d4 exd4 5. Nxd4 Ne5 6. Be2 d6 7. 0-0 Nf6 8. Nc3 0-0 9. f4 Ng6 10. g4 d5 11. e5 Ne4 12. Nxe4 dxe4 13. Be3 Bd7 14. Bc4 c5 15. Nb5 Nh4 16. h3 Nf3+ 17. Kg2 Qc8 18. e6 Bxe6 19. Bxe6 fxe6 20. Qe2 Qc6 21. Qc4 Bf6 22. Rad1 Rfd8 23. c3 Rd3 24. Qxc5 Nh4+ 25. Kh2 Rxe3 26. Qxe3 Qxb5 27. Rf2 Qa4 28. b3 Qc6 29. c4 e5 30. Rd5 exf4 31. Qxe4 Re8 32. Qd3 f3 33. Qd2 Qc7+ 34. Kh1 Qg3 35. g5 0-1

[Event "IND-ch U13 Girls"]
[Site "Puducherry"]
[Date "2013.07.04"]
[Round "7"]
[White "Toshali, V."]
[Black "Meera, D."]
[Result "0-1"]
[WhiteElo "1646"]
[BlackElo "1715"]
[PlyCount "62"]
[EventDate "2013.06.30"]
[EventType "swiss"]
[EventRounds "11"]
[EventCountry "IND"]
[SourceTitle "EXT 2014"]
[Source "ChessBase"]
[SourceDate "2013.11.20"]
[SourceVersion "1"]
[SourceVersionDate "2013.11.20"]
[SourceQuality "1"]

1. Nc3 d5 2. a3 c5 3. e4 d4 4. Nce2 e5 5. Ng3 Nf6 6. Nf3 Bd6 7. Bc4 Nc6 8. 0-0 0-0 9. d3 h6 10. h3 Rb8 11. Nh4 b5 12. Ba2 Bc7 13. Nhf5 Ne7 14. Qf3 Ng6 15. Nh5 Nxh5 16. Qxh5 Rb6 17. Ng3 Rf6 18. Qe2 Nf4 19. Qd1 Rg6 20. Qf3 Qg5 21. Kh2 h5 22. Bxf4 exf4 23. Nf5 Rb6 24. h4 Qf6 25. g4 Bxf5 26. g5 Bxe4 27. Qxe4 f3+ 28. Kg1 Qd6 29. Bxf7+ Kh8 30. Rfd1 Qh2+ 31. Kf1 Qh1# 0-1

[Event "IND-ch U13 Girls"]
[Site "Puducherry"]
[Date "2013.07.02"]
[Round "4"]
[White "Meera, D."]
[Black "Mukherjee, Arpita"]
[Result "0-1"]
[WhiteElo "1715"]
[BlackElo "1758"]
[PlyCount "68"]
[EventDate "2013.06.30"]
[EventType "swiss"]
[EventRounds "11"]
[EventCountry "IND"]
[SourceTitle "EXT 2014"]
[Source "ChessBase"]
[SourceDate "2013.11.20"]
[SourceVersion "1"]
[SourceVersionDate "2013.11.20"]
[SourceQuality "1"]

1. e4 c5 2. Nc3 Nc6 3. d3 g6 4. Be3 d6 5. g3 Bg7 6. Bg2 Rb8 7. Qd2 Nd4 8. Nd1 b5 9. c3 Nc6 10. Ne2 b4 11. d4 bxc3 12. Ndxc3 cxd4 13. Nxd4 Ne5 14. Qe2 Rxb2 15. Qd1 Qa5 16. Rc1 Bg4 17. f3 Rxg2 18. fxg4 Nf6 19. h3 Rxg3 20. Kf2 Rxe3 21. Kxe3 Bh6+ 22. Ke2 Bxc1 23. Qxc1 0-0 24. g5 Qa6+ 25. Kd1 Qd3+ 26. Qd2 Nxe4 27. Qxd3 Nf2+ 28. Ke2 Nfxd3 29. Nd5 e6 30. Nf6+ Kg7 31. Rd1 Nf4+ 32. Ke3 Nxh3 33. Ne4 d5 34. Nc5 Nc4+ 0-1